US Tourist Attractions by Picture - Easy - Statistics

General Stats
  • This quiz has been taken 34 times
  • The average score is 9 of 12
Answer Stats
Picture Answer % Correct
Golden Gate Bridge
100%
Statue of Liberty
97%
Grand Canyon
90%
Disney World
83%
Hollywood Sign
79%
Washington Monument
76%
Empire State Building
69%
Lincoln Memorial
66%
Space Needle
66%
Willis Tower
62%
Mt Rushmore
59%
Gateway Arch
52%
No matching quizzes found
Score Distribution
Percent of People with Each Score
Percentile by Number Answered
Your Score History
You have not taken this quiz